Social and political thought of Mahatma Gandhi / (Record no. 70051)

MARC details
000 -LEADER
fixed length control field 00888nam a22002297a 4500
005 - DATE AND TIME OF LATEST TRANSACTION
control field 2012091702562.0
008 - FIXED-LENGTH DATA ELEMENTS--GENERAL INFORMATION
fixed length control field 120917t xxu||||| |||| 00| 0 eng d
010 ## - LCCN (DPL NO)
LC control number ENG-105872
020 ## - INTERNATIONAL STANDARD BOOK NUMBER
International Standard Book Number 9789381031773
Terms of availability 900.00
035 ## - SYSTEM CONTROL NUMBER
System control number EN-89405
037 ## - SOURCE OF ACQUISITION
Source of stock number/acquisition DBAD/PUB
040 ## - CATALOGING SOURCE
Original cataloging agency DPL
Language of cataloging English
082 ## - DEWEY DECIMAL CLASSIFICATION NUMBER
Classification number 954.035
100 ## - MAIN ENTRY--PERSONAL NAME
Personal name Biswal , S.K.
9 (RLIN) 51878
245 ## - TITLE STATEMENT
Title Social and political thought of Mahatma Gandhi /
Statement of responsibility, etc by S.K. Biswal
260 ## - PUBLICATION, DISTRIBUTION, ETC. (IMPRINT)
Place of publication, distribution, etc New Delhi
Name of publisher, distributor, etc Arise Publishers & Distributors
Date of publication, distribution, etc 2012
270 ## - ADDRESS
Address 4648/1,21, Ansari Road, Daryaganj
City New Delhi
Postal code 110002
Electronic mail address nab@newagebooksindia.com
300 ## - PHYSICAL DESCRIPTION
Extent 264p.
Dimensions 22cm(Hb)
500 ## - GENERAL NOTE
General note Includes bibliographical references and index
942 ## - ADDED ENTRY ELEMENTS (KOHA)
Source of classification or shelving scheme Dewey Decimal Classification
Item type English Books
Classification part 954.035
Call number suffix BIS
Holdings
Withdrawn status Lost status Source of classification or shelving scheme Damaged status Not for loan Collection code Home library Current library Date acquired Source of acquisition Cost, normal purchase price Total Checkouts Full call number Barcode Date last seen Copy number Cost, replacement price Koha item type
    Dewey Decimal Classification   Not For Loan Non-fiction D.B.Act.Division D.B.Act.Division 17/09/2012 DBAD / PUB 900.00   954.035 BIS EN-89405 17/09/2012 1 900.00 English Books

© Delhi Public Library
Hit Counter
free hit counter